000 00505nam a2200181Ia 4500
003 GCL
008 140319s9999 xx 000 0 ara d
040 _aGCL /
_cGCL
082 0 4 _a811.06
_bع ا
100 1 _aعليه الجعار
245 1 0 _aابنة الاسلام /
_cعليه الجعار
260 _a[S.N] :
_bالمكتب المصرى الحديث ،
_c1986
300 _a132 ص
490 _a
650 0 4 _aالادب العربى
650 0 4 _aالشعر الدينى
942 _2ddc
_cBK
999 _c34310
_d34310